000 01838cam a2200385 4500500
005 20260222001022.0
041 _afre
042 _adc
100 1 0 _aDa Silva, Sandra
_eauthor
700 1 0 _aRenard, Tristan
_eauthor
700 1 0 _aRoblin, Guillemette
_eauthor
700 1 0 _aMoncany, Anne-Hélène
_eauthor
245 0 0 _aEntre secreto y ficha de datos: unas posturas profesionales en tensión
260 _c2021.
500 _a64
520 _aLos cuestionamientos en torno al secreto entre los profesionales del cuidado remiten a la vez a un conocimiento más o menos dominado del marco legal pero también a unos ajustes prácticos cuya diversidad refleja la de las situaciones laborales.À partir de una investigación-acción llevada a cabo dentro del Criavs (Centro de recursos para interventores con autores de violencias sexuales), con el método de análisis en grupo mostramos en este artículo las formas de posicionamientos que pueden existir a propósito de una misma situación de señalamiento, que ponen así el foco en diferentes lógicas profesionales.
690 _aanálisis de la práctica
690 _aderecho
690 _aprofesional sanitario
690 _aresponsabilidad penal
690 _asecreto compartido
690 _asecreto profesional
690 _aseñalamiento
690 _aviolencia familiar
690 _aanalysis of practice
690 _acriminal responsibility
690 _adomestic violence
690 _ahealth care professional
690 _alaw
690 _aprofessional secrecy
690 _areporting
690 _ashared secret
786 0 _nL’Information Psychiatrique | Volume 97 | 1 | 2021-02-02 | p. 53-58 | 0020-0204
856 4 1 _uhttps://stm.cairn.info/revista-l-information-psychiatrique-2021-1-page-53?lang=es&redirect-ssocas=7080
999 _c1664107
_d1664107